000 00668nam a2200181Ia 4500
008 100921s9999 xx 000 0 und d
082 _b12587
_a808.068 थ 76
100 _aकामत अशोक.प्रभु सुधाकर.
245 _aआपले शाहूमहाराज.
260 _bनुतन प्रकाशन, पुणे.
_c1976
300 _a64
_b---
365 _b3.5
520 _aललित-बालवाङ्रमय.
630 _aआपले शाहूमहाराज.
650 _aललित-बालवाङ्रमय.
730 _aआपले शाहूमहाराज.
942 _cBOOK
999 _c761700
_d761697